000 00341nam a2200145Ia 4500
008 230718s9999 xx 000 0 und d
041 _aEng.
082 _a340.5
_bNYA-I
100 _aNyazee Imran Ahsan
245 0 _aIslamic Law of Business
260 _aPakistan
_bSweet & Morwell
_c1887
300 _a347
650 _aLaw
999 _c26884
_d26884